| 000 | 00618nam a2200181 a 4500 | ||
|---|---|---|---|
| 001 | SSB056488 | ||
| 003 | PILC | ||
| 005 | 20150601082233.0 | ||
| 008 | |||
| 020 | _a9789719801924 | ||
| 050 |
_aHF 5635 _b.Ad244 2014 |
||
| 100 | _aAduana, Nick L. | ||
| 245 |
_aFundamentals of accounting : _bsole proprietorship accounting for service and merchandising with introduction to manufacturing / _cNick L. Aduana. |
||
| 260 |
_aQuezon City : _bC & E Publishing, Inc., _c2014. |
||
| 300 |
_axvi, 512 pages : _c23 cm. _billustrations ; |
||
| 650 | _aAccounting. | ||
| 942 |
_2lcc _cBK _kFOR |
||
| 999 |
_c284531 _d284531 |
||